Phương Đông và phương Tây : Những vấn đề triết học, triết học lịch sử, văn học Đông và Tây
Sách đề cập đến nhiều nền văn hóa khác nhau trên thế giới về nhiều lĩnh vực khác nhau: triết học, lịch sử, tôn giáo, văn học, nghệ thuật ở cả phương Đông và phương Tây từ cổ đại đến cận đại...
Bewaard in:
| Hoofdauteur: | |
|---|---|
| Formaat: | Boek |
| Taal: | Undetermined |
| Gepubliceerd in: |
Hà Nội
Giáo dục
1997
|
| Onderwerpen: | |
| Tags: |
Voeg label toe
Geen labels, Wees de eerste die dit record labelt!
|
| Thư viện lưu trữ: | Trung tâm Học liệu Trường Đại học Cần Thơ |
|---|
| LEADER | 01058nam a2200217Ia 4500 | ||
|---|---|---|---|
| 001 | CTU_22474 | ||
| 008 | 210402s9999 xx 000 0 und d | ||
| 082 | |a 801 | ||
| 082 | |b K82 | ||
| 100 | |a Konrat, Nhicolai Iosiphovich | ||
| 245 | 0 | |a Phương Đông và phương Tây : | |
| 245 | 0 | |b Những vấn đề triết học, triết học lịch sử, văn học Đông và Tây | |
| 245 | 0 | |c Nhicolai Iosiphovich Konrat; Dịch giả Trịnh Bá Đỉnh | |
| 260 | |a Hà Nội | ||
| 260 | |b Giáo dục | ||
| 260 | |c 1997 | ||
| 520 | |a Sách đề cập đến nhiều nền văn hóa khác nhau trên thế giới về nhiều lĩnh vực khác nhau: triết học, lịch sử, tôn giáo, văn học, nghệ thuật ở cả phương Đông và phương Tây từ cổ đại đến cận đại | ||
| 650 | |a Literature,Literature | ||
| 650 | |x History and criticism,Philosophy | ||
| 904 | |i Trọng Hải | ||
| 980 | |a Trung tâm Học liệu Trường Đại học Cần Thơ | ||